00973nam a2200229 a 450000100060000000300080000600500170001400800410003103500190007204000350009104100080012608200260013410000230016024502020018326000820038530000460046750200860051350400320059965000330063170000420066470000370070684372BD-RjUL20241126145014.0241126s2023 bg a|||| m||| 00| 0 eng d a(BD-RjUL)84372 aBD-RjULbengcBD-RjULdBD-RjUL aeng 223a595.752bKHE 2023 aKhatun, Jesmin Ara10aECO-FRIENDLY MANAGEMENT OF APHID WITH BOTANICAL PESTICIDES IN EXPERIMENTAL BEAN FIELD AT RAJSHAHI, BANGLADESH /cJesmin Ara Khatun6Supervisor : Md. Abul Kalam Azad Co-Supervisor : Md. Sultan Ahmed aRajshahi :bInstitute of Environmental Science, University of Rajshahi,c2023 a[3], xv, [1], 129 leaves :bill.;c29 cm. aThesis (Ph.D.) -- Institute of Environmental Science, University of Rajshahi,2023 aReferences : Leaves 104-125 aAphidsvBotanical Pesticides aAzad, Md. Abul Kalam, Supervisor  aAhmed, Md. Sultan, Co-Supervisor